Estadística aplicada a la administración y la economía / Alfredo Díaz Mata (Registro nro. 27909)
[ vista simple ]
| 000 -LÍDER | |
|---|---|
| fixed length control field | 00492nam a2200157 4500 |
| 020 ## - NÚMERO INTERNACIONAL NORMALIZADO PARA LIBROS | |
| ISBN | 978-607-15-0846-1 |
| 050 ## - SIGNATURA TOPOGRAFICA DE LA BIBLIOTECA DEL CONGRESO (LC) | |
| Número de Clasificación | HF1017 D53 2013 |
| 082 ## - NUMERO DE CLASIFICACION DECIMAL DEWEY | |
| Número de Clasificación | 519.5 D542e 2013 |
| 100 ## - ASIENTO PRINCIPAL--NOMBRE PERSONAL | |
| Nombre personal | Díaz Mata, Alfredo |
| 245 ## - TÍTULO | |
| Título | Estadística aplicada a la administración y la economía / Alfredo Díaz Mata |
| 250 ## - MENCIÓN DE EDICIÓN | |
| Mención de edición | 1 |
| 260 ## - PUBLICACIÓN, DISTRIBUCIÓN, ETC. (PIE DE IMPRENTA) | |
| Lugar de publicación, distribución, etc. | México: McGraw-Hill |
| 300 ## - DESCRIPCIÓN FÍSICA | |
| Extensión | xxii, 609 p. / 27 cm. |
| 500 ## - NOTA GENERAL | |
| Nota general | Incluye: Ap‚ndice, Glosario |
| 650 ## - ASIENTO SECUNDARIO DE MATERIA - TERMINO TEMÁTICO | |
| Término temático o nombre geográfico como elemento de entrada | 1. ESTADÍSTICA / 2. ECONOMÍA-MÉTODO ESTADÍSTICO |
| No. biblioteca | No. biblioteca | Número de clasificación | Código de barras/Número de adquisición | Número de copia | Tipo de material |
|---|---|---|---|---|---|
| AREA DE ADMINISTRACIÓN | AREA DE ADMINISTRACIÓN | 519.5 D542e 2013 | 32956 | 1 | Libros |
